The Law of Pre-Trail Criminal Procedure in Namibia / (Record no. 3213)

MARC details
000 -LEADER
fixed length control field 00537nam a22001817a 4500
005 - DATE AND TIME OF INPUT
control field 20241014064552.0
008 - DATA ELEMENTS--GENERAL INFORMATION
fixed length control field 241014b |||||||| |||| 00| 0 eng d
020 ## - INTERNATIONAL STANDARD BOOK NUMBER
International Standard Book Number 9789991642239
041 ## - LANGUAGE CODE
Language code of text English
082 ## - SHELF NUMBER
DDC number 345.5 LAW
100 ## - MAIN AUTHOR
Language of a work English
245 ## - TITLE STATEMENT
Title The Law of Pre-Trail Criminal Procedure in Namibia /
Statement of responsibility, etc. C Mapaure et al.
250 ## - EDITION STATEMENT
Edition statement First Edition
260 ## - PUBLICATION, DISTRIBUTION, ETC.
Place of publication, distribution, etc. Windhoek:
Name of publisher, distributor, etc. Unam Press,
Date of publication, distribution, etc. 2014
300 ## - PHYSICAL DESCRIPTION
Other physical details xiv, 508 pages;
Dimensions 26 cm.
650 ## - SUBJECT`
Broad subject Legal Practice
Own subject terms Law
942 ## - ADDED ENTRY ELEMENTS (KOHA)
Item type Books
942 ## - ADDED ENTRY ELEMENTS (KOHA)
-- ALISON_BN_VIES
Holdings
Source of classification or shelving scheme Not for loan Collection code Home library Current library Shelving location Date acquired Full call number Barcode Price effective from Koha item type
Dewey Decimal Classification   TEXT BOOKS LAW SOCIETY OF NAMIBIA LIBRARY - WINDHOEK LAW SOCIETY OF NAMIBIA LIBRARY - WINDHOEK Criminal law and procedures 10/14/2024 345.5 LAW LSN/2014/9 10/14/2024 Books